000 01015nam a2200277 i 4500
003 DO-SdBNP
005 20231019133027.0
007 ta
008 231019b2023 dr c||| |||| 00| 0 spa d
020 _a9789945242485
040 _aDO-SdBNP
_bspa
_cBNPHU
_erda
082 4 _222
100 _aZamora Mato, Jorge Luis,,
_eautor
_984488
245 1 0 _aLengua Española 4 :
_bdel Proyecto Activamente, segundo ciclo educación primaria /
_cJorge Luis Zamora Matos ; corrección, Mirtha González Gutiérrez
264 _aSanto Domingo :
_bSantillana,
_c2023.
300 _avolumen :
_bilustraciones, retratos ;
_c28 cm.
336 _2rdacontent
_atexto
_btxt
337 _2rdamedia
_asin mediación
_bn
338 _2rdacarrier
_avolumen
_bnc
490 _aProyecto Activa Mente
505 _av.1-
_tLibro de texto--
_gv.2--
_tGuía didáctica--
_gv.3
_tCuaderno de actividades.
590 _aInventariado, 2023/BT
700 1 _aGonzález Gutierrez, Mirtha,
_ecorrección
_929833
910 _aBtavárez
942 _2ddc
_cLBS1
999 _c55199
_d55199